Biología celular y molecular: conceptos y experimentos / (Record no. 165563)
[ view plain ]
| 000 -CABECERA | |
|---|---|
| campo de control de longitud fija | 00916nam a2200301Ia 4500 |
| 001 - NÚMERO DE CONTROL | |
| campo de control | Z_2506 |
| 003 - IDENTIFICADOR DEL NÚMERO DE CONTROL | |
| campo de control | CHAP |
| 008 - DATOS DE LONGITUD FIJA--INFORMACIÓN GENERAL | |
| campo de control de longitud fija | 220113s1998 xx 000 0 und d |
| 010 ## - NÚMERO DE CONTROL DE LA BIBLIOTECA DEL CONGRESO | |
| Número de control de LC | 165563 |
| 020 ## - NÚMERO INTERNACIONAL ESTÁNDAR DEL LIBRO | |
| Número Internacional Estándar del Libro | 970-10-1644-0 \ 0-471-59913-1 (obra original) |
| 040 ## - FUENTE DE LA CATALOGACIÓN | |
| Centro/agencia transcriptor | CHAP |
| 082 ## - NÚMERO DE LA CLASIFICACIÓN DECIMAL DEWEY | |
| Número de clasificación | 574 K37b |
| 100 ## - ENTRADA PRINCIPAL--NOMBRE DE PERSONA | |
| Nombre de persona | Karp, Gerald |
| 9 (RLIN) | 62752 |
| 245 ## - MENCIÓN DE TÍTULO | |
| Título | Biología celular y molecular: conceptos y experimentos / |
| Mención de responsabilidad, etc. | Gerald Karp; traducción José Pérez Gómez |
| 260 ## - PUBLICACIÓN, DISTRIBUCIÓN, ETC. | |
| Lugar de publicación, distribución, etc. | México : |
| Nombre del editor, distribuidor, etc. | Mc Graw-Hill, |
| Fecha de publicación, distribución, etc. | 1998 |
| 300 ## - DESCRIPCIÓN FÍSICA | |
| Extensión | 805 p. |
| 500 ## - NOTA GENERAL | |
| Nota general | Traducido de la obra en inglés: Cell and molecular biology: comcepts and experiments |
| 503 ## - NOTA DE HISTORIA BIBLIOGRÁFICA (BK CF MU) [OBSOLETO] | |
| Nota de historia bibliográfica | ej.1: 194991 \ ej.2: 194992 \ ej.3: 194993 \ ej.4: 222690 |
| 650 ## - PUNTO DE ACCESO ADICIONAL DE MATERIA--TÉRMINO DE MATERIA | |
| Término de materia o nombre geográfico como elemento de entrada | Biología |
| 9 (RLIN) | 12773 |
| 650 ## - PUNTO DE ACCESO ADICIONAL DE MATERIA--TÉRMINO DE MATERIA | |
| Término de materia o nombre geográfico como elemento de entrada | Citología |
| 9 (RLIN) | 23489 |
| 700 ## - PUNTO DE ACCESO ADICIONAL--NOMBRE DE PERSONA | |
| Nombre de persona | Pérez Gómez, José, tr. |
| 9 (RLIN) | 139485 |
| 901 ## - ELEMENTOS DE DATOS A LOCAL LDA (RLIN) | |
| a | 574 K37B |
| 902 ## - ELEMENTOS DE DATOS B LOCAL, LDB (RLIN) | |
| a | M |
| 910 ## - DATOS DE OPCIÓN DEL USUARIO (OCLC) | |
| Datos de opción del usuario | 1998 |
| 942 ## - ELEMENTOS DE PUNTO DE ACCESO ADICIONAL (KOHA) | |
| Tipo de ítem Koha | Libro_ |
| 942 ## - ELEMENTOS DE PUNTO DE ACCESO ADICIONAL (KOHA) | |
| Tipo de ítem Koha | |
| Estado de retiro | Estado de pérdida | Fuente del sistema de clasificación o colocación | Estado dañado | Restricciones de uso | No para préstamo | Código de colección | Localización permanente | Ubicación/localización actual | Fecha de adquisición | Número de inventario | Total de préstamos | Signatura topográfica completa | Código de barras | Fecha visto por última vez | Fecha del último préstamo | Número de copia | Precio válido a partir de | Tipo de ítem Koha |
|---|---|---|---|---|---|---|---|---|---|---|---|---|---|---|---|---|---|---|
| Dewey Decimal Classification | Préstamo interno | General | Zootecnia | Zootecnia | 09/11/2005 | 194991 | 3 | 574 K37b | z_2771 | 06/05/2024 | 14/03/2023 | 1 | 18/01/2022 | Libro | ||||
| Dewey Decimal Classification | Préstamo 5 días | General | Zootecnia | Zootecnia | 09/11/2005 | 4 | 574 K37b | z_2772 | 08/10/2024 | 08/10/2024 | 2 | 18/01/2022 | Libro | |||||
| Dewey Decimal Classification | Préstamo 5 días | General | Zootecnia | Zootecnia | 09/11/2005 | 1 | 574 K37b | z_2773 | 17/02/2023 | 17/02/2023 | 3 | 18/01/2022 | Libro | |||||
| Dewey Decimal Classification | Préstamo 5 días | General | Zootecnia | Zootecnia | 09/11/2005 | 574 K37b | z_4974 | 18/01/2022 | 4 | 18/01/2022 | Libro |
